Statistiques concernant Quiz sur la République du Congo

Cliquez ici pour prendre le quiz!

Statistiques générales

  • Ce quiz a été pris 2 629 fois
  • Le résultat moyen est 14 sur 20

Statistiques - réponses

QuestionRéponse% Correct
Capitale et ville la plus peupléeBrazzaville
93%
Langue officielleFrançais
93%
Autre capitale située sur la rive opposéeKinshasa
92%
Fleuve qui coule dans celle-ciCongo
89%
Ligne horizontale imaginaire qui
traverse la République du Congo
Équateur
84%
Pays frontaliersAngola
82%
Pays frontaliersCameroun
82%
Pays frontaliersGabon
81%
Devise monétaire actuelleFranc {CFA}
79%
Golfe qui borde la République du CongoGolfe de {Guinée}
78%
Pays frontaliersCentrafrique
76%
Idéologie suivie de 1975 à 1992Marxisme-Léninisme
73%
Principal produit d'exportation (87%)Pétrole
63%
Individus de très petite taille, victimes
de discrimination et d'esclavage
Pygmées
57%
Tubercule comestible largement cultivéManioc
53%
Deuxième plus grande villePointe-{Noire}
52%
Nom du pays à cette époqueRépublique {Populaire}
du Congo
47%
Ce fleuve est le plus ____ du mondeProfond
43%
Président de 1979 à 1992 et depuis 1997Denis {Sassou}-Nguesso
25%
Principal groupe ethniqueKongo
14%

Distribution des résultats

Percentile par nombre de réponses

% des personnes avec chaque résultat

Votre développement - résultats

Vous n’avez pas pris ce quiz